000 01018cam a2200289 a 4500
999 _c17168
_d17168
001 4014327
005 20161122120121.0
008 970122s1997 nyu e 001 0 eng
010 _a 97000170
020 _a0609800698 (pbk. : alk. paper)
040 _aDLC
_cDLC
_dDLC
050 0 0 _aRC81.A2P37 1997
_bP37 1997
082 0 0 _221
245 0 4 _aThe PDR family guide :
_bencyclopedia of medical care.
246 3 0 _aEncyclopedia of medical care
246 3 _aPhysician's desk reference family guide
250 _a1st ed.
260 _aNew York :
_bThree Rivers Press,
_cc1997.
300 _axiii, 386 p. ;
_c23 cm.
440 0 _aPDR family guides
500 _aIncludes index.
650 0 _aMedicine, Popular
_xEncyclopedias.
906 _a7
_bcbc
_corignew
_d1
_eocip
_f19
_gy-gencatlg
942 _2lcc
_cBOOKS
_hRC81.A2P37 1997